1127 1428 1212 1469 1929 1444 1505 1505 1592 1956 1538 1984 1555 1411 1903 1509 1379 1415 1255 1640 1478 1363 1428 1062 1948 1161 1489 1627 1520 1340 1130 1454 1786 1099 1753 1226 1823 1213 1457 1272 1294 1890 1579 1828 1554 1521 1017 1192 1844 1846 1031 1828 1662 1105 1317 1522 1812 1395 1928 1489 1392 1165 1986 1214 1649 1426 1131 1534 1294 1912 1017 1222 1845 1218 1841 1253 1718 1643 1775 1532 1917 1104 1210 1842 1279 1114 1186 1125 1955 1803 1050 1028 1473 1471 1529 1673 1960 1494 1417 BCNSPRNW ULIB Ver.6.0+V

เปลี่ยนเป็นภาษาไทย

Change to English
 แสดงรายละเอียดบรรณานุกรม
  กลับหน้าหลัก

Brief Record : Get Marc (ISO 2709) : E-mail record : QR code < ปิดหน้าต่าง
LEADER : 00000nam 2200000uu 4500
001    13399125580
003     ULIB
008    170701s2558||||th 000 0 tha d
020    ^a9786160433308
060    ^aQV766^bพ128ก
100    ^aพงศ์เทพ สิทธิน้อย
245    ^aกินเป็น สุขภาพดี 24 ชั่วโมง/^cพงศ์เทพ สิทธิน้อย
250    ^aพิมพ์ครั้งที่ 1
260    ^aนนทบุรี :^bเอ็น เค มีเดีย,^c2558
300    ^a143 หน้า;^b21 ซม.
650    ^aสุขภาพ
945    ^p99^l0^i25238
999    ^aทศพร เกษรทอง
รายการนี้ยังไม่มีแท็ก
คุณยังไม่ได้ล็อกอิน คุณสามารถมีกิจกรรมร่วมกับเว็บไซต์ได้ แต่ต้องล็อกอินก่อน ::
  ล็อกอิน

รายการสื่อสารสนเทศ

ลำดับที่ ประเภท เลขเรียก/บาร์โค้ด สถานที่ สถานะ
1. วิทยาศาสตร์การแพทย์ และสุขภาพ
วิทยาศาสตร์การแพทย์ และสุขภาพ
สถานะ=หนังสือเก่า
QV766 พ128ก ฉ.1 
  Barcode: 25238
ห้องสมุดวิทยาเขตนครสวรรค์
►ส่วนจัดเก็บหนังสือเก่า นว.
บนชั้น
  ขอยืม

รายการใกล้เคียง
    ผู้แต่ง [พงศ์เทพ สิทธิน้อย]

    หัวเรื่อง [สุขภาพ]

BibComment


ยังไม่เคยถูกคอมเมนท์

คอมเมนท์ทรัพยากรรายการนี้
  คอมเมนท์: กินเป็น สุขภาพดี..


 Copyright 2026. Bcnsprnw @Library